Loading...

Konthayum poonoolum

Bibliographic Details
Main Author: Ramavarma, Vayalar
Format: Printed Book
Published: Thrissur, Current 1992
LEADER 003780000a22001210004500
040 |a MAL 
082 |a A1 RAM 4/K J0 
100 |a Ramavarma, Vayalar 
245 |a Konthayum poonoolum 
260 |a Thrissur, Current 
260 |c 1992 
999 |c 20301  |d 20301 
952 |0 0  |1 0  |4 0  |6 A_000000000000000_1_RAM_4K_J0  |7 0  |8 MAL  |9 20116  |a MGUL  |b MGUL  |d 2013-07-16  |l 0  |o A1 RAM 4/K J0  |p 15829  |r 2013-07-16  |w 2013-07-16  |y BK